Countries That Get the Most Sleep - Statistics

General Stats
  • This quiz has been taken 72 times
  • The average score is 7 of 10
Answer Stats
Amount of
Sleep Per Night
Country % Correct
7h 52m United States
92%
7h 58m Canada
88%
7h 54m United Kingdom
88%
8h 03m France
80%
8h 01m Australia
75%
7h 30m Japan
67%
8h 05m Netherlands
63%
8h 04m New Zealand
61%
8h 01m Belgium
56%
7h 24m Singapore
30%
No matching quizzes found
Score Distribution
Percent of People with Each Score
Percentile by Number Answered
Your Score History
You have not taken this quiz